| 000 | 00000nam##2200000za#4500 |
| 001 | 9.538529 |
| 003 | CaOODSP |
| 005 | 20210305160113 |
| 007 | ta |
| 008 | 150406|2003||||xxc||||| f|0| 0 fre|d |
| 040 | |aCaOODSP|bfre |
| 041 | |aeng |
| 041 | |afre |
| 043 | |an-cn--- |
| 086 | 1 |aXC67-372/1-1-03 |
| 110 | 1 |aCanada. |bParlement. |bChambre des communes. |
| 245 | 10|aÀ l'écoute des canadiens : |bla nécessité d'une action pancanadienne / |cJudi Longfield, Présidente; Carolyn Bennett, Présidente, Sous-comité de la condition des personnes handicapées. |
| 260 | |bChambre des communes |cJuin 2003. |
| 300 | |aTexte français, xi, 154p. : |bcartes marines, références, tableaux ; |c28 cm. |
| 490 | 1 |aRapport du Comité permanent du développement des ressources humaines et de la condition des personnes handicapées |
| 563 | |aCouverture souple |
| 590 | |a03-29|b2003-07-18 |
| 691 | 07|aCondition de la personne handicapée|2gcpds |
| 691 | 07|aRapport|2gcpds |
| 691 | 07|aRessources humaines|2gcpds |
| 791 | |tListening to Canadians : |eeng|w(CaOODSP)9.538528 |
| 830 | #0|aRapport du Comité permanent du développement des ressources humaines et de la condition des personnes handicapées.|w(CaOODSP)9.510803 |